Tercer grado de Literatura Española
Salvato in:
| Autore principale: | |
|---|---|
| Natura: | Sconosciuto |
| Lingua: | spagnolo |
| Pubblicazione: |
1-Barcelona,España
Imprenta Clarasó
1934
|
| Catalogo: | MANES: Risultati della ricerca del catalogo della biblioteca |
| Libro di testo Classificazione: |
|
| Serie: | Ciclo de Lengua y Literatura Españolas
|
| Tags: |
Aggiungi Tag
Nessun Tag, puoi essere il primo ad aggiungerne!!
|
| Aggiunto a: | 2016-04-26 |
MARC
| LEADER | 000000000a22000000004500 | ||
|---|---|---|---|
| 001 | 14170 | ||
| 003 | OSt | ||
| 008 | 160427s sp ||||| |||| 00| 0 spa d | ||
| 041 | 1 | |a spa | |
| 040 | |c centro_manes | ||
| 691 | 7 | |a PRI | |
| 100 | 1 | |a Diez y Jiménez-Castellanos, Pilar |b Autora, Catedrática en el Instituto de Pontevedra |9 10019 | |
| 245 | 0 | 0 | |a Tercer grado de Literatura Española |
| 260 | 3 | |a 1-Barcelona,España |b Imprenta Clarasó |c 1934 | |
| 300 | |a 206 p. |c 20 x 14 cm. | ||
| 440 | |a Ciclo de Lengua y Literatura Españolas |9 7011 | ||
| 690 | 0 | |a EyL | |
| 942 | |2 ddc |c BK | ||
| 999 | |c 20144 |d 20144 | ||
| 999 | |c manes:20144 |d 20144 | ||